LEADER 02603nam0 2200517 i 450 001 RAV0187941 005 20251003044326.0 010 $a8806128825 100 $a19960416d1992 ||||0itac50 ba 101 | $aita 102 $ait 181 1$6z01$ai $bxxxe 182 1$6z01$an 183 1$6z01$anc$2RDAcarrier 200 1 $aScienziati, contadini e proprietari$ebotanica e agricoltura nell'Europa occidentale, 1350-1850$fMauro Ambrosoli 210 $aTorino$cG. Einaudi$dc1992 215 $aXIX, 468 p., \8! c. di tav.$cill.$d22 cm. 225 | $aBiblioteca di cultura storica$v190 410 0$1001CFI0014683$12001 $aBiblioteca di cultura storica$v190 606 $aAgricoltura$xEuropa$xSec. 15.-19.$2FIR$3BVEC024796$9I 606 $aAgricoltura$xEuropa$xSec. 15.-19.$2FIR$3BVEC024796$9I 606 $aAgraria$xEuropa$xSec. 15.-19.$2FIR$3BVEC024797$9I 676 $a333.76094$9TERRENI AGRICOLI E ALTRI TERRENI NATURALI. EUROPA$v21 676 $a630$9AGRICOLTURA E TECNOLOGIE CONNESSE$v23 676 $a630.9$9AGRICOLTURA E TECNICHE CONNESSE. TRATTAMENTO STORICO GEOGRAFICO$v19 676 $a630.9$9$v21 676 $a630.94$9$v12 676 $a630.94$9AGRICOLTURA E TECNOLOGIE CONNESSE. Europa$v21 686 $aSe.i.3.0$cStoria dell'economia italiana. Opere precedenti il 1830$2F 686 $aSe.i.6.2.4$cStoria dell'economia italiana. 1830-1860. L'agricoltura$2F 696 $aScienze agrarie$aAgronomia 699 $aAgraria$yScienze agrarie 699 $aAgraria$yAgronomia 700 1$aAmbrosoli$b, Mauro$3RAVV000131$4070$0133154 801 3$aIT$bIT-000000$c19960416 850 $aIT-BN0095 $aIT-AV0003 $aIT-AV0007 $aIT-NA0079 $aIT-NA0070 $aIT-NA0452 $aIT-NA0097 901 $bNAP IS$cISEM $nSezione di storia economica dell'ex Istituto di storia economica del Mezzogiorno 901 $bNAP SP$cNF. $nNUOVO FONDO 901 $bNAP AV$cSEZ. M $nSezione Moderna 901 $bNAP 01$cPOZZO LIB.$nVi sono collocati fondi di economia, periodici di ingegneria e scienze, periodici di economia e statistica e altri fondi comprendenti documenti di economia pervenuti in dono. 901 $bNAP AR$cP. CICCONE$nDONAZIONE 912 $aRAV0187941 950 0$aBiblioteca Centralizzata di Ateneo$c1 v.$d 01POZZO LIB.ECON MON 6568$e 0101 0700149665E VMA 1 v. (Precedente collocazione 14 Ec 966)$fB $h20220718$i20220718 977 $a 01$a AR$a AV$a BN$a BU$a IS$a SP 996 $aScienziati, contadini e proprietari$9497888 997 $aUNISANNIO